000 00311nam a22001337a 4500
008 170526b xxu||||| |||| 00| 0 eng d
020 _a9789928107732
041 _aALB
080 _a621(075.8)
100 _a25
101 _aIM
245 _aSHKENCA DHE TEKNOLOGJIA E MATERIALEVE
_cKADIU, F
942 _2udc
_cBK
999 _c14463
_d14463